| 000 | 00651nam a22002177a 4500 | ||
|---|---|---|---|
| 005 | 20140811120906.0 | ||
| 010 | _aENG-110321 | ||
| 020 |
_a9789350623145 _c350.00 |
||
| 035 | _aEN-93853 | ||
| 037 | _bDBAD/PUB | ||
| 082 | _a651.7 | ||
| 100 | _aSehgal, M. K. | ||
| 245 |
_aBusiness communication / _cby M. K. Sehgal [and] Vandana Khetarpal |
||
| 250 | _a2nd ed. | ||
| 260 |
_aNew Delhi _bExcel Books _c2013 |
||
| 270 |
_aA-45, Naraina, Phase I _bNew Delhi _e110028 |
||
| 300 |
_aix,518p. _c24cm(pbk) |
||
| 500 | _aIncludes bibliographical references and index | ||
| 700 | _aKhetarpal, Vandana | ||
| 942 |
_2ddc _cEN _mSEH _h651.7 |
||
| 999 |
_c86249 _d86249 |
||